LEADER 01235nam a2200277 i 4500 001 000000149841 003 CaOOAMICUS 005 20060418000000.0 008 060418s2004 it u000 u ita u 013 $a127173 040 $aSeMil$bita 100 1 $aGenovesi, Angelo.$0(OLS)http://semarc/name/59161 245 13$aLa scienza al di là del bene e del male :$ble nuove sfide della ricerca e la questione morale /$cAngelo Genovesi. 250 $aEd. fuori commercio. 260 $a[Italia] :$bFondazione Achille e Giulia Boroli,$cCopyr. 2004. 300 $a147 p. ;$c21 cm. 490 0 $aHomo Sapiens 500 $aContiene : Bibliografia. - dono del card. Dionigi Tettamanzi. 650 4$aScienza - Aspetti morali.$0(OLS)http://semarc/subject/20404 830 0$aHomo Sapiens.$0(OLS)http://semarc/title/20737 850 $aSeMil 852 $aSeMil$W1$xVenegono$y1$m3X I 123$j102028$B102028$CSeMilBibl$Z2$F111882 $81 941 1 $a5 961 $aOmaggio: Tettamanzi Card. Dionigi 996 $6245$aLa scienza al di là del bene e del male :$ble nuove sfide della ricerca e la questione morale$9(OLS)http://semarc/title/219067 996 $6260$a[Italia] :$bFondazione Achille e Giulia Boroli$9(OLS)http://semarc/publisher/34204 LEADER 01082nam a2200253 i 4500 001 000000045779 003 CaOOAMICUS 005 20130311000000.0 008 130311s1992 it u000 u ita u 013 $a16949 020 $a88-7282-034-0 040 $aSeMil$bita 100 1 $aMantero, Piero.$0(OLS)http://semarc/name/22753 245 13$aLa profezia di Fatima e la conversione della Russia :$bla firma di Dio nella storia /$cPiero Mantero. 260 $aUdine :$bSegno,$ccopyr. 1992. 300 $a459 p. :$bill. ;$c24 cm. 500 $aIn preliminari : Fondo Franco Conti. 650 4$aMadonna - Apparizioni - Fatima - Profezie.$0(OLS)http://semarc/subject/38512 850 $aSeMil 852 $aSeMil$W1$xVenegono$y1$m2L IV 230$j11934$B11934$CSeMilBibl$Z2$F11934 $81 961 $aOmaggio: Conti Franco 996 $6020$a88-7282-034-0$9(OLS)http://semarc/number/18093 996 $6245$aLa profezia di Fatima e la conversione della Russia :$bla firma di Dio nella storia$9(OLS)http://semarc/title/68198 996 $6260$aUdine :$bSegno$9(OLS)http://semarc/publisher/32104